[Event "Olympiad-45"]
[Site "Budapest"]
[Date "2024.09.22"]
[Round "11.3"]
[White "Allatif, Kinan"]
[Black "Al Maashani, Abdullah"]
[Result "1-0"]
[WhiteElo "1881"]
[BlackElo "1893"]
[PlyCount "55"]
[EventDate "2024.09.11"]
[EventType "team-swiss"]
[EventRounds "11"]
[EventCountry "HUN"]
[SourceTitle "EXT 2025"]
[Source "ChessBase"]
[SourceDate "2024.10.14"]
[SourceVersion "1"]
[SourceVersionDate "2024.10.14"]
[SourceQuality "1"]
[WhiteTeam "Syria"]
[BlackTeam "Oman"]
[WhiteTeamCountry "SYR"]
[BlackTeamCountry "OMN"]

1. d4 Nf6 2. Nf3 g6 3. Nc3 d5 4. Bg5 Bg7 5. e3 Nbd7 6. Be2 c6 7. 0-0 0-0 8. Bd3 h6 9. Bh4 g5 10. Bg3 Nh5 11. Nxg5 Nxg3 12. Bh7+ Kh8 13. fxg3 e5 14. Nxf7+ Rxf7 15. Rxf7 Kxh7 16. h4 Qe8 17. Qf3 Qe6 18. Rf1 exd4 19. exd4 Kg8 20. Ne2 b6 21. Rxg7+ Kxg7 22. Nf4 Qe8 23. Qg4+ Kh8 24. Qf5 Nf8 25. Qf6+ Kh7 26. Nh5 Ne6 27. Qf5+ Kh8 28. Qe5+ 1-0

[Event "Olympiad-45"]
[Site "Budapest"]
[Date "2024.09.20"]
[Round "9.3"]
[White "Al Maashani, Abdullah"]
[Black "Wong, Kai Meng"]
[Result "1-0"]
[WhiteElo "1893"]
[BlackElo "1795"]
[PlyCount "72"]
[EventDate "2024.09.11"]
[EventType "team-swiss"]
[EventRounds "11"]
[EventCountry "HUN"]
[SourceTitle "EXT 2025"]
[Source "ChessBase"]
[SourceDate "2024.10.14"]
[SourceVersion "1"]
[SourceVersionDate "2024.10.14"]
[SourceQuality "1"]
[WhiteTeam "Oman"]
[BlackTeam "Macau"]
[WhiteTeamCountry "OMN"]
[BlackTeamCountry "MAC"]

1. e4 e6 2. d3 d5 3. Nd2 c5 4. Ngf3 Nf6 5. g3 Nc6 6. c3 Bd6 7. Qe2 Qc7 8. exd5 Nxd5 9. Bg2 0-0 10. 0-0 h6 11. Nc4 Be7 12. a4 Na5 13. Nfe5 Nb3 14. Rb1 Nxc1 15. Rbxc1 Rd8 16. Rfe1 Rb8 17. Qh5 Bf6 18. Ng4 Qe7 19. Nce3 Nxe3 20. Rxe3 Bg5 21. f4 g6 22. Nxh6+ Bxh6 23. Qxh6 b5 24. g4 Qf8 25. Qh4 Bd7 26. a5 c4 27. d4 b4 28. Be4 Qg7 29. cxb4 Qxd4 30. Rce1 Ba4 31. f5 exf5 32. gxf5 Bc6 33. fxg6 fxg6 34. Kh1 Rxb4 35. Qh6 Qf6 36. Kg1 Rxb2 1-0

[Event "OMA-ch Clubs 7th"]
[Site "Muscat"]
[Date "2024.07.15"]
[Round "6.3"]
[White "Al Dhiyabi, Yousuf"]
[Black "Al Maashani, Abdullah"]
[Result "0-1"]
[WhiteElo "1612"]
[BlackElo "1885"]
[PlyCount "74"]
[EventDate "2024.07.11"]
[EventType "team-swiss"]
[EventRounds "9"]
[EventCountry "OMN"]
[SourceTitle "EXT 2025"]
[Source "ChessBase"]
[SourceDate "2024.10.14"]
[SourceVersion "1"]
[SourceVersionDate "2024.10.14"]
[SourceQuality "1"]
[WhiteTeam "Al Suwaiq"]
[BlackTeam "Masirah White"]
[WhiteTeamCountry "OMN"]
[BlackTeamCountry "OMN"]

1. e4 c5 2. Nf3 Nc6 3. Bb5 Nf6 4. Bxc6 dxc6 5. d3 Bg4 6. Nbd2 Qc7 7. h3 Bh5 8. Nf1 e6 9. Bg5 h6 10. Bh4 Bd6 11. Bg3 Bxg3 12. Nxg3 0-0-0 13. Qe2 Qa5+ 14. Kf1 g5 15. Nxh5 Nxh5 16. g3 Ng7 17. Ne5 Qc7 18. Nf3 f5 19. e5 g4 20. hxg4 fxg4 21. Nh4 h5 22. Ng6 Rh6 23. Nf4 Rf8 24. Re1 h4 25. Qxg4 Nf5 26. Kg2 Qf7 27. c3 Rg8 28. Qe2 hxg3 29. Rxh6 gxf2+ 30. Kxf2 Nxh6 31. Qf3 Rf8 32. Ke3 Nf5+ 33. Kd2 Nh4 34. Qh3 Qxf4+ 35. Kc2 Qf2+ 36. Kb3 Nf5 37. Rf1 Qe2 0-1

[Event "OMA-ch Clubs 7th"]
[Site "Muscat"]
[Date "2024.07.14"]
[Round "5.4"]
[White "Al Mashikhi, Mohammed Alyan"]
[Black "Al Maashani, Abdullah"]
[Result "1-0"]
[WhiteElo "1971"]
[BlackElo "1885"]
[PlyCount "87"]
[EventDate "2024.07.11"]
[EventType "team-swiss"]
[EventRounds "9"]
[EventCountry "OMN"]
[SourceTitle "EXT 2025"]
[Source "ChessBase"]
[SourceDate "2024.10.14"]
[SourceVersion "1"]
[SourceVersionDate "2024.10.14"]
[SourceQuality "1"]
[WhiteTeam "Salalah"]
[BlackTeam "Masirah White"]
[WhiteTeamCountry "OMN"]
[BlackTeamCountry "OMN"]

1. e4 c5 2. Nf3 Nc6 3. d4 cxd4 4. Nxd4 Nf6 5. Nc3 d6 6. Be2 g6 7. Be3 Bg7 8. f3 a6 9. Qd2 Bd7 10. 0-0-0 b5 11. Nxc6 Bxc6 12. Bh6 Bxh6 13. Qxh6 b4 14. Nd5 Nxd5 15. exd5 Bb5 16. Rhe1 Qb6 17. Bd3 Kd7 18. Qh4 Rhe8 19. Qg4+ f5 20. Qxb4 Qc5 21. Qxc5 dxc5 22. c4 Reb8 23. cxb5 axb5 24. Bb1 Ra4 25. Re2 Rc4+ 26. Rc2 Rxc2+ 27. Bxc2 Ra8 28. a3 Kd6 29. Bd3 c4 30. Be2 Ke5 31. g3 f4 32. Kc2 h5 33. Kc3 Ra4 34. Rd4 fxg3 35. hxg3 Ra7 36. f4+ Kd6 37. Bf3 e5 38. fxe5+ Kxe5 39. d6 Rd7 40. Bc6 Rd8 41. Bxb5 g5 42. d7 g4 43. Rxc4 h4 44. Rxg4 1-0

[Event "OMA-ch Clubs 7th"]
[Site "Muscat"]
[Date "2024.07.13"]
[Round "3.4"]
[White "Al Mamari, Ali Abdullah"]
[Black "Al Maashani, Abdullah"]
[Result "0-1"]
[WhiteElo "1768"]
[BlackElo "1885"]
[PlyCount "76"]
[EventDate "2024.07.11"]
[EventType "team-swiss"]
[EventRounds "9"]
[EventCountry "OMN"]
[SourceTitle "EXT 2025"]
[Source "ChessBase"]
[SourceDate "2024.10.14"]
[SourceVersion "1"]
[SourceVersionDate "2024.10.14"]
[SourceQuality "1"]
[WhiteTeam "Masirah Blue"]
[BlackTeam "Masirah White"]
[WhiteTeamCountry "OMN"]
[BlackTeamCountry "OMN"]

1. d4 c5 2. d5 Nf6 3. c4 b5 4. cxb5 a6 5. b6 g6 6. Nc3 Bg7 7. Qb3 Bb7 8. e4 0-0 9. Nf3 d6 10. Nd2 Nbd7 11. Nc4 Ng4 12. h3 Nge5 13. Na5 Rb8 14. f4 c4 15. Qb4 Nd3+ 16. Bxd3 cxd3 17. Be3 e6 18. Qxd6 exd5 19. e5 Qh4+ 20. Kf1 Rfd8 21. Nxb7 Rxb7 22. Qxd5 Rbb8 23. Qa5 g5 24. e6 fxe6 25. Qxg5 Qxg5 26. fxg5 Nxb6 27. Bxb6 Rxb6 28. Na4 Rb4 29. Nc5 Rf8+ 30. Ke1 Rxb2 31. Nxd3 Bc3+ 32. Kd1 Rd2+ 33. Kc1 Rxd3 34. Rb1 Rc8 35. Rb3 Bd4+ 36. Kb1 Rxb3+ 37. axb3 Rc3 38. Kb2 Rxh3+ 0-1

[Event "Asian Cities-chT"]
[Site "Khanty-Mansiysk"]
[Date "2024.04.28"]
[Round "8.3"]
[White "Al Maashani, Abdullah"]
[Black "Tkachyov, Adil"]
[Result "0-1"]
[WhiteElo "1914"]
[BlackElo "2073"]
[PlyCount "80"]
[EventDate "2024.04.21"]
[EventType "team-swiss"]
[EventRounds "9"]
[EventCountry "RUS"]
[SourceTitle "CBM 219 Extra"]
[Source "ChessBase"]
[SourceDate "2024.05.31"]
[SourceVersion "1"]
[SourceVersionDate "2024.05.31"]
[SourceQuality "1"]
[WhiteTeam "Muscat"]
[BlackTeam "Pavlodar"]
[WhiteTeamCountry "OMN"]
[BlackTeamCountry "KAZ"]

1. e4 c5 2. Nf3 Nc6 3. d4 cxd4 4. Nxd4 g6 5. Nc3 Bg7 6. Be3 Nf6 7. Be2 0-0 8. 0-0 d5 9. exd5 Nb4 10. Qd2 Nbxd5 11. Nxd5 Nxd5 12. Bh6 Bxh6 13. Qxh6 Qb6 14. Rad1 Qxb2 15. Bc4 Nb6 16. Bb3 Qc3 17. Rfe1 Bg4 18. f3 Rad8 19. Rxe7 Nd5 20. Ree1 Nf6 21. Qf4 Nd5 22. Qxg4 Ne3 23. Qh4 Nxd1 24. Rxd1 Rd7 25. Rd3 Qa1+ 26. Kf2 Re8 27. Ne2 Rxd3 28. cxd3 Qb2 29. Bd1 b5 30. Qg5 a5 31. Qd5 a4 32. d4 a3 33. Qc6 Kf8 34. Qc5+ Kg8 35. Qc2 b4 36. Nc1 Qxc2+ 37. Bxc2 Rc8 38. Bb3 Rxc1 39. d5 Kf8 40. Ke3 Rc3+ 0-1

[Event "OMA-ch 11th"]
[Site "Muscat"]
[Date "2024.01.30"]
[Round "8"]
[White "Al Maashani, Abdullah"]
[Black "Salim Mohammed, Salim Al Amri"]
[Result "1-0"]
[WhiteElo "1828"]
[BlackElo "1878"]
[PlyCount "81"]
[EventDate "2024.01.24"]
[EventType "swiss"]
[EventRounds "9"]
[EventCountry "OMN"]
[SourceTitle "CBM 218 Extra"]
[Source "ChessBase"]
[SourceDate "2024.03.31"]
[SourceVersion "1"]
[SourceVersionDate "2024.03.31"]
[SourceQuality "1"]

1. e4 c5 2. Nf3 Nc6 3. d4 cxd4 4. Nxd4 Nf6 5. Nc3 h5 6. Be2 g6 7. Be3 e5 8. Ndb5 d6 9. Bg5 Be7 10. Bxf6 Bxf6 11. Nd5 0-0 12. Nbc7 Rb8 13. Nxf6+ Qxf6 14. Nd5 Qg5 15. h4 Qh6 16. g4 hxg4 17. Bxg4 Be6 18. Ne3 f5 19. Qxd6 Rbe8 20. exf5 Qf4 21. 0-0-0 gxf5 22. Bh5 Re7 23. Kb1 Rd8 24. Qa3 Rxd1+ 25. Rxd1 Qxh4 26. Bg6 Qg5 27. Bxf5 Bxf5 28. Qc5 Bg6 29. Qd5+ Rf7 30. a3 Nd4 31. Rxd4 Qg1+ 32. Rd1 Qg5 33. Nc4 Kg7 34. Nxe5 Rxf2 35. Qxb7+ Kg8 36. Nxg6 Qxg6 37. Qb8+ Kg7 38. Qxa7+ Rf7 39. Qd4+ Kf8 40. Qh8+ Ke7 41. Qd8+ 1-0

[Event "OMA-chT 6th"]
[Site "Muscat"]
[Date "2023.08.09"]
[Round "8.4"]
[White "Al Maashani, Abdullah"]
[Black "Shybi, Binoj"]
[Result "1-0"]
[WhiteElo "1821"]
[BlackElo "1626"]
[PlyCount "61"]
[EventDate "2023.08.03"]
[EventType "team-swiss"]
[EventRounds "9"]
[EventCountry "OMN"]
[SourceTitle "EXT 2024"]
[Source "ChessBase"]
[SourceDate "2023.10.10"]
[SourceVersion "1"]
[SourceVersionDate "2023.10.10"]
[SourceQuality "1"]
[WhiteTeam "Taqah"]
[BlackTeam "Salalah"]
[WhiteTeamCountry "OMN"]
[BlackTeamCountry "OMN"]

1. e4 e5 2. Nf3 Nc6 3. Bb5 a6 4. Ba4 d6 5. 0-0 Bg4 6. c3 Qf6 7. d3 b5 8. Bb3 a5 9. Bd5 Bd7 10. Ng5 Nh6 11. f4 Qg6 12. fxe5 f6 13. exf6 gxf6 14. Ne6 Rc8 15. Rf3 Qh5 16. Qf1 Ng4 17. Rh3 Qg6 18. Rg3 Qh5 19. h3 Nge5 20. d4 Bxe6 21. Bxe6 Nd7 22. Bg4 Qf7 23. Qxb5 Ncb8 24. Bh5 Qxh5 25. Qxh5+ Ke7 26. Bh6 c5 27. Bxf8+ Rcxf8 28. Rg7+ Kd8 29. dxc5 Nxc5 30. b4 Ne6 31. Qxa5+ 1-0

[Event "Asia zt 3.1 Online"]
[Site "Tornelo INT"]
[Date "2021.06.05"]
[Round "5"]
[White "Al Maashani, Abdullah"]
[Black "Alhejab, Meshal"]
[Result "1-0"]
[WhiteElo "1831"]
[BlackElo "1681"]
[PlyCount "43"]
[EventDate "2021.06.01"]
[EventType "swiss"]
[EventRounds "9"]
[EventCountry "NET"]
[SourceTitle "CBM 202 Extra"]
[Source "ChessBase"]
[SourceDate "2021.07.31"]
[SourceVersion "1"]
[SourceVersionDate "2021.07.31"]
[SourceQuality "1"]

1. e4 d6 2. d4 Nf6 3. Bd3 e5 4. Ne2 Be7 5. 0-0 0-0 6. Nbc3 c6 7. a4 a5 8. Bc4 exd4 9. Nxd4 Nxe4 10. Nxe4 d5 11. Bd3 dxe4 12. Bxe4 Bf6 13. c3 Qb6 14. Qd3 Rd8 15. Qc2 Bxd4 16. cxd4 Qxd4 17. Be3 Qf6 18. Rfd1 Rxd1+ 19. Rxd1 Na6 20. Qd2 Be6 21. Bg5 Bb3 22. Bxf6 1-0

[Event "OMA-chT"]
[Site "Muscat"]
[Date "2020.01.30"]
[Round "8.1"]
[White "Al Saidi, Mohammed Khalfan"]
[Black "Al Maashani, Abdullah"]
[Result "0-1"]
[WhiteElo "1715"]
[BlackElo "1800"]
[PlyCount "120"]
[EventDate "2020.01.25"]
[EventType "team-swiss"]
[EventRounds "9"]
[EventCountry "OMN"]
[SourceTitle "CBM 194 Extra"]
[Source "ChessBase"]
[SourceDate "2020.03.31"]
[SourceVersion "1"]
[SourceVersionDate "2020.03.31"]
[SourceQuality "1"]

1. d4 Nf6 2. c4 e6 3. Nc3 d5 4. cxd5 exd5 5. Bg5 c6 6. Qc2 Be7 7. e3 Nh5 8. Bxe7 Qxe7 9. Bd3 g6 10. Nge2 Nd7 11. h3 Ndf6 12. 0-0-0 Ng7 13. Kb1 Bf5 14. Nc1 0-0-0 15. Bxf5+ Nxf5 16. Nd3 Kb8 17. Na4 Nd7 18. Qb3 Nd6 19. Qb4 Rhe8 20. Nac5 Nxc5 21. Qxc5 Nc4 22. Qxe7 Rxe7 23. b3 Nd6 24. Rc1 Ne4 25. Rc2 Rde8 26. Nc5 Nxc5 27. Rxc5 f5 28. Re1 Re4 29. Rd1 f4 30. exf4 Rxf4 31. Rc2 Ree4 32. f3 Rxd4 33. Rxd4 Rxd4 34. Re2 Rd1+ 35. Kc2 Rg1 36. g4 Rg3 37. Re8+ Kc7 38. Re7+ Kb6 39. Rxh7 Rxf3 40. b4 Kb5 41. Kd2 d4 42. Rxb7+ Kc4 43. Rc7 Rf2+ 44. Kc1 Rf6 45. Kd2 Kxb4 46. Kd3 Kc5 47. Rxa7 Rf3+ 48. Ke4 Re3+ 49. Kf4 Rxh3 50. Ra5+ Kc4 51. Ra6 Kd5 52. a4 Rh8 53. a5 Rf8+ 54. Kg5 d3 55. Ra7 Rd8 56. Rb7 d2 57. Rb1 Ke4 58. Rd1 c5 59. Kxg6 c4 60. a6 c3 0-1

[Event "OMA-chT"]
[Site "Muscat"]
[Date "2020.01.28"]
[Round "5.2"]
[White "Salim Issa, Ali Shamas"]
[Black "Al Maashani, Abdullah"]
[Result "1/2-1/2"]
[WhiteElo "1880"]
[BlackElo "1800"]
[PlyCount "145"]
[EventDate "2020.01.25"]
[EventType "team-swiss"]
[EventRounds "9"]
[EventCountry "OMN"]
[SourceTitle "CBM 194 Extra"]
[Source "ChessBase"]
[SourceDate "2020.03.31"]
[SourceVersion "1"]
[SourceVersionDate "2020.03.31"]
[SourceQuality "1"]

1. Nf3 Nf6 2. d4 e6 3. Bg5 c5 4. c3 d5 5. e3 Nc6 6. Nbd2 Be7 7. Bd3 Qc7 8. Bb5 Bd7 9. 0-0 h6 10. Bh4 Bd6 11. Bg3 cxd4 12. exd4 0-0 13. Re1 Rfe8 14. Bxc6 bxc6 15. Ne5 c5 16. dxc5 Qxc5 17. Nb3 Qb6 18. Ng4 Nxg4 19. Qxg4 Bxg3 20. hxg3 Rac8 21. Qd4 Qb8 22. Nc5 Bc6 23. b4 e5 24. Qd2 Qd6 25. Rad1 a5 26. a3 axb4 27. axb4 Ra8 28. f4 exf4 29. gxf4 Rxe1+ 30. Rxe1 Qg6 31. b5 Bxb5 32. Qxd5 Bc6 33. Qd2 Qg3 34. Rf1 Ra5 35. Qd8+ Kh7 36. Qd3+ Qxd3 37. Nxd3 Bb5 38. Rf3 Kg6 39. Ne5+ Kf6 40. Re3 Ra4 41. g3 g5 42. fxg5+ hxg5 43. Kf2 Ra2+ 44. Kf3 Ba6 45. Nd7+ Kg6 46. Ne5+ Kg7 47. Ke4 Bb7+ 48. Kd4 f5 49. Nd3 Kf6 50. Nc5 Rd2+ 51. Rd3 Rxd3+ 52. Kxd3 Bc6 53. Ke3 Ke5 54. Nd3+ Kd6 55. Kd4 Be4 56. Ne5 Ke6 57. c4 Bb7 58. Nd3 Bc6 59. Nc5+ Kd6 60. Nd3 Ke6 61. Nc5+ Kd6 62. Nd3 Ke6 63. Ne5 Bb7 64. c5 Bd5 65. Nf7 Bg2 66. Nxg5+ Kf6 67. Nh7+ Kg7 68. Ng5 Kf6 69. Nh7+ Kg7 70. Ke5 Kxh7 71. Kxf5 Kg7 72. g4 Bh1 73. Kg5 1/2-1/2

[Event "OMA-chT"]
[Site "Muscat"]
[Date "2020.01.26"]
[Round "2.6"]
[White "Al Maashani, Abdullah"]
[Black "Shimas, Said Issa"]
[Result "1-0"]
[WhiteElo "1800"]
[BlackElo "1586"]
[PlyCount "56"]
[EventDate "2020.01.25"]
[EventType "team-swiss"]
[EventRounds "9"]
[EventCountry "OMN"]
[SourceTitle "CBM 194 Extra"]
[Source "ChessBase"]
[SourceDate "2020.03.31"]
[SourceVersion "1"]
[SourceVersionDate "2020.03.31"]
[SourceQuality "1"]

1. e4 c6 2. d4 d5 3. exd5 cxd5 4. Nf3 Nf6 5. Bd3 Bg4 6. c4 e6 7. Nc3 Bb4 8. Qa4+ Nc6 9. Ne5 Bxc3+ 10. bxc3 0-0 11. Nxg4 Nxg4 12. h3 Nf6 13. Bg5 h6 14. Bh4 g5 15. Bg3 Qa5 16. Qxa5 Nxa5 17. Be5 dxc4 18. Bxf6 cxd3 19. Kd2 Rfc8 20. g4 Kh7 21. h4 Kg6 22. hxg5 hxg5 23. Be7 Rc7 24. Rh5 Rxe7 25. Rah1 Rg8 26. Rh7 Nc4+ 27. Ke1 d2+ 28. Kd1 f6 1-0

[Event "Arab Clubs-chT"]
[Site "Sharjah"]
[Date "2018.02.10"]
[Round "6.1"]
[White "Tagelsir, Abubaker"]
[Black "Al Maashani, Abdullah"]
[Result "1-0"]
[WhiteElo "2232"]
[BlackElo "1707"]
[PlyCount "41"]
[EventDate "2018.02.06"]
[EventType "team-tourn"]
[EventRounds "9"]
[EventCountry "UAE"]
[SourceTitle "CBM 182 Extra"]
[Source "ChessBase"]
[SourceDate "2018.02.23"]
[SourceVersion "1"]
[SourceVersionDate "2018.02.23"]
[SourceQuality "1"]
[WhiteTeam "Al Thawrra District 14"]
[BlackTeam "Salalah CC"]
[WhiteTeamCountry "SUD"]
[BlackTeamCountry "OMN"]

1. e4 c5 2. Nf3 Nc6 3. Bb5 g6 4. Bxc6 dxc6 5. d3 Bg7 6. h3 Nf6 7. Nc3 0-0 8. Be3 Nd7 9. Qd2 Qb6 10. Rb1 Qa5 11. 0-0 Ne5 12. Nh2 Nd7 13. Bh6 Nf6 14. e5 Nh5 15. Rbe1 Qc7 16. g4 Bxh6 17. Qxh6 Ng7 18. Nf3 f6 19. Ne4 b6 20. Neg5 fxg5 21. Nxg5 1-0